000 00427cam a2200157 a 4500
040 _cDLC
082 _a658 MCG 2013 A114 Or.
100 1 _aNoe, Raymond A
245 1 0 _aEmployee training and development /
250 _a6th ed
260 _aNew York :
_bMcGraw-Hill/Irwin,
_cc2013
300 _axviii, 524 p. :
_bill. ;
_c24 cm
500 _aIncludes bibliographical references and index
650 0 _aEmployees
942 _cEK
999 _c17442
_d17442